"Tájékozottabbak és okosabbak lettünk"

Bibliographic Details
Main Author: Benyák, Mária, 1952- (Author)
Format: Article
Language:Hungarian
PhysicalDescription:Fotogr.
ISSN:1335-6593
Subjects:

MARC

LEADER 00000nab a2200000 a 4500
001 vtls000801248
003 SK-MaSNL
005 20260319074849.0
008 160405c2002 xo 0 hun
015 |a SNBRB2002/07-22954 
035 |a CLN000152903 
040 |a SNKBUCL  |b slo  |c SNKBUCL  |e AACR2 
041 0 |a hun 
044 |a xo  |c SK 
080 |a 373.3(437.615=945.11)  |2 1997 
100 1 |a Benyák, Mária,  |d 1952-  |4 aut  |9 268495 
245 1 0 |a "Tájékozottabbak és okosabbak lettünk"  |c Benyák Mária 
300 |b Fotogr. 
610 7 |a Základná škola s vyučovacím jazykom maďarským (Holice na Ostrove, Slovensko)  |2 snkbucl  |9 845053 
651 7 |a 201  |2 snkbucl  |9 294639 
655 7 |a články z novín a časopisov  |2 snkbucl  |9 267496 
773 0 |x 1335-6593  |t Tábortűz  |g Roč. 51, č. 10 (2002), s. 8 
850 |a Slovenská národná knižnica v Martine 
852 |a SNK  |b KIS3GCP 
958 |a HU 
958 |a SK 
958 |a RBX 
999 |c 1362018  |d 1363948